00330nam a2200133Ia 4500008004100000020001500041041001200056082001600068100001700084245004400101260002800145300000800173650001500181221030s9999 xx 000 0 und d a8176111066 aEnglish a105.23bMat aM. J. Mathew 0aPrinciples & Practice of Commerical law bRBSA Pub.aJaipurc2003 a494 aManagement